000 00699nam a2200241 a 4500
001 61229
003 BD-RjUL
005 20211209080933.0
008 170116s1960 pk 001 0 eng
035 _a(BD-RjUL)61353
040 _aDLC
_cCUY
_dBD-RjUL
_beng
041 0 _aengurdper
082 _223
_a370.1
_bSAI 1960
100 1 _aSaiyidain, K. G.
_9182650
245 1 0 _aIqbal's educational philosophy /
_cby K. G. Saiyidain
250 _a5th rev. ed.
260 _aLahore :
_bSh. Muhammad Ashraf,
_c1960.
300 _axiii, 260 p. ;
_c19 cm.
500 _aIncludes index.
600 1 0 _aIqbal, Muhammad
_cSir,
_d1877-1938.
_9182651
650 _aEducation
_xPhilosophy
_9183186
942 _2ddc
_cBK
999 _c61229
_d61229